000 00697pab a2200157 454500
008 180718b2002 xxu||||| |||| 00| 0 eng d
100 _aKathuria, Vinish and Khan, Nisar A.
245 _aEnvironmental compliance versus growth: lessons from Malaysia's Regulations on Palm Oil Mills
260 _c2002
300 _ap.3993-999.
362 _a28 Sep
520 _aStringent regulations to control pollution due to effluents have not stifled the growth of the palm oil industry in Malaysia; rather, they have complemented the industry's efforts to innovate and remain competitive. - Reproduced.
650 _aEnvironmental legislation
773 _aEconomic and Political Weekly
909 _a53977
999 _c53977
_d53977